[Event "C.to Provinciale MB"]
[Site "Ceriano Laghetto ITA"]
[Date "2011.02.??"]
[Round "4"]
[White "Regorda, Vittorio"]
[Black "Morselli, Stefano"]
[Result "0-1"]
[WhiteElo "1876"]
[BlackElo "1894"]
[PlyCount "85"]
[EventDate "2011.02.01"]

1. d4 Nf6 2. c4 d6 3. Nc3 g6 4. e4 Bg7 5. Nf3 O-O 6. h3 e5 7. Be2 Nc6 8. Be3
Nh5 9. d5 Ne7 10. Qd2 f5 11. Bh6 fxe4 12. Bxg7 Kxg7 13. Ng5 Nf4 14. Bf1 Nexd5
15. Ncxe4 Nf6 16. g3 Ne6 17. O-O-O h6 18. Nxf6 Qxf6 19. Ne4 Qf3 20. Bd3 Nd4 21.
Rdf1 Be6 22. Nc3 Bf5 23. Bxf5 Rxf5 24. Nd5 Raf8 25. Ne3 Ne2+ 26. Kb1 Qe4+ 27.
Ka1 Rxf2 28. a3 Nxg3 29. Rxf2 Qxh1+ 30. Ka2 Rxf2 31. Qxf2 Ne4 32. Qh4 Ng5 33.
Nd5 c6 34. Nb4 Qxh3 35. Qf2 b6 36. Qd2 Qe6 37. Ka1 Nf3 38. Qd1 Nd4 39. Qa4 Qd7
40. Ka2 a5 41. Nd5 b5 42. Nb6 bxa4 43. Nxd7 0-1

[Event "C.to Provinciale MB"]
[Site "Ceriano Laghetto ITA"]
[Date "2011.02.??"]
[Round "4"]
[White "Conta, Diego"]
[Black "Ronconi, Fausto"]
[Result "0-1"]
[WhiteElo "1708"]
[BlackElo "1749"]
[PlyCount "102"]
[EventDate "2011.02.01"]

1. d4 d5 2. c4 e6 3. Nc3 Nf6 4. Bg5 Be7 5. e3 O-O 6. Nf3 Nbd7 7. Qc2 h6 8. Bh4
b6 9. cxd5 Nxd5 10. Bxe7 Nxe7 11. Be2 Bb7 12. O-O c5 13. Rfd1 Qc8 14. Rac1 Nf6
15. Nb5 cxd4 16. Qxc8 Raxc8 17. exd4 Rxc1 18. Rxc1 a6 19. Nd6 Bxf3 20. Bxf3
Nfd5 21. a3 Rd8 22. Ne4 Nf5 23. Nc3 Nxd4 24. Bxd5 exd5 25. Rd1 Re8 26. h3 Ne2+
27. Kf1 Nxc3 28. bxc3 Rc8 29. Rd3 Rc5 30. Ke2 Ra5 31. Kd2 Rxa3 32. Rxd5 Ra2+
33. Ke3 Rc2 34. Rd8+ Kh7 35. Rd3 a5 36. g4 g5 37. f4 a4 38. fxg5 hxg5 39. Kd4
a3 40. Rd1 b5 41. Ra1 a2 42. Kc5 Rxc3+ 43. Kxb5 Rc2 44. Kb4 Kg6 45. Kb3 Rh2 46.
Rxa2 Rxa2 47. Kxa2 Kf6 48. Kb3 Ke5 49. Kc3 Kf4 50. Kd4 Kg3 51. Ke3 Kxh3 0-1

[Event "C.to Provinciale MB"]
[Site "Ceriano Laghetto ITA"]
[Date "2011.02.??"]
[Round "4"]
[White "Moioli, Ferruccio"]
[Black "Napoli, Ferdinando"]
[Result "0-1"]
[WhiteElo "1624"]
[BlackElo "1744"]
[PlyCount "88"]
[EventDate "2011.02.01"]

1. d4 Nf6 2. Nf3 g6 3. Bf4 d6 4. e3 Bg7 5. h3 O-O 6. Be2 Nbd7 7. c3 c5 8. O-O
a6 9. a4 cxd4 10. cxd4 Nd5 11. Bg3 N7f6 12. Nbd2 Qb6 13. e4 Nb4 14. a5 Qc7 15.
Qa4 Nc6 16. Rfc1 Qd8 17. d5 Na7 18. Qb3 Nd7 19. Qc2 b5 20. axb6 Qxb6 21. Nc4
Qb8 22. Ra3 Nb5 23. Ra2 Nc5 24. b4 Nd7 25. Na5 Na7 26. Nc6 Nxc6 27. Qxc6 Nf6
28. Nd2 Bd7 29. Qc2 Rc8 30. Qb1 Rxc1+ 31. Qxc1 Qxb4 32. f3 Nh5 33. Bf2 Nf4 34.
Bf1 Rc8 35. Rc2 Rxc2 36. Qxc2 Bb5 37. Be3 Bd4 38. Kf2 Bxe3+ 39. Kxe3 Bxf1 40.
Nxf1 g5 41. g3 Qe1+ 42. Kd4 Ne2+ 43. Kd3 Nc1+ 44. Kd4 Qxf1 0-1

[Event "C.to Provinciale MB"]
[Site "Ceriano Laghetto ITA"]
[Date "2011.02.??"]
[Round "4"]
[White "Santarelli, Sabatino"]
[Black "Boffi, Luigi"]
[Result "1-0"]
[WhiteElo "1668"]
[BlackElo "1627"]
[PlyCount "117"]
[EventDate "2011.02.01"]

1. e4 c5 2. Nf3 d6 3. d4 cxd4 4. Nxd4 Nf6 5. Nc3 a6 6. Bg5 e6 7. Qd2 Be7 8.
O-O-O Qc7 9. f4 b5 10. a3 Bb7 11. Bd3 Nbd7 12. Nb3 O-O 13. f5 exf5 14. exf5 Nc5
15. Nxc5 dxc5 16. Qf4 Qxf4+ 17. Bxf4 Ng4 18. Rd2 Rfd8 19. Rhd1 c4 20. Be4 Bxe4
21. Nxe4 h6 22. h3 Nf6 23. Nxf6+ Bxf6 24. Rd7 Re8 25. g3 Be5 26. Bxe5 Rxe5 27.
Rd8+ Re8 28. Rxa8 Rxa8 29. Rd6 Kf8 30. f6 gxf6 31. Rxf6 Kg7 32. Rd6 Ra7 33. Kd2
f6 34. Kc3 Kf7 35. Kb4 Ke7 36. Rb6 Rd7 37. Rxa6 Rd2 38. b3 Rxc2 39. bxc4 bxc4
40. Rc6 Rg2 41. g4 Rg3 42. Rxc4 Rxh3 43. a4 h5 44. gxh5 Rxh5 45. a5 Rh1 46. a6
Rb1+ 47. Ka5 Rb8 48. a7 Ra8 49. Ka6 Ke6 50. Kb7 Rxa7+ 51. Kxa7 Ke5 52. Kb6 f5
53. Kc5 f4 54. Rc1 f3 55. Re1+ Kf4 56. Kd4 Kg3 57. Ke3 Kg2 58. Rd1 Kg3 59. Rd2
1-0

[Event "C.to Provinciale MB"]
[Site "Ceriano Laghetto ITA"]
[Date "2011.02.??"]
[Round "4"]
[White "De Dominicis, Arrigo"]
[Black "Canciani, Alberto"]
[Result "0-1"]
[WhiteElo "1387"]
[BlackElo "1620"]
[PlyCount "112"]
[EventDate "2011.02.01"]

1. e4 e6 2. d4 c5 3. Be3 Qc7 4. Nc3 a6 5. d5 e5 6. Qd2 d6 7. Be2 Nf6 8. Bg5
Nbd7 9. Bg4 h6 10. Bxf6 Nxf6 11. Bxc8 Rxc8 12. f3 g5 13. h3 Bg7 14. O-O-O b5
15. Nge2 Qa5 16. a3 Nd7 17. Nb1 Qc7 18. g3 Nb6 19. b3 c4 20. b4 Ra8 21. h4 gxh4
22. Qc3 Na4 23. Qa1 hxg3 24. Rdg1 Bf6 25. Rxg3 Qb6 26. Kd1 Qe3 27. Rhg1 Ke7 28.
Qa2 Rac8 29. c3 Bg5 30. f4 Qxe4 31. fxg5 hxg5 32. Rg4 Qxd5+ 33. Qd2 Qxd2+ 34.
Kxd2 f6 35. Ng3 Rh2+ 36. Kc1 Rch8 37. Nf5+ Ke6 38. Ne3 Nb2 39. Nd2 Nd3+ 40. Kc2
Rh1 41. Nd1 Rxg1 42. Rxg1 Rh2 43. Kb1 Rxd2 44. Rh1 Nf2 45. Nxf2 Rxf2 46. Rh8 g4
47. Rg8 f5 48. Rg6+ Kd5 49. Kc1 e4 50. Rg5 e3 51. Kd1 Ke4 52. Rg6 d5 53. Ke1
Rc2 54. Rxa6 f4 55. Re6+ Kf3 56. Rd6 Rc1# 0-1

[Event "C.to Provinciale MB"]
[Site "Ceriano Laghetto ITA"]
[Date "2011.02.??"]
[Round "4"]
[White "Sala, Pierluigi"]
[Black "Bencivenga, Antonio"]
[Result "1-0"]
[WhiteElo "1508"]
[BlackElo "1356"]
[PlyCount "79"]
[EventDate "2011.02.01"]

1. d4 Nf6 2. Nf3 g6 3. c4 Bg7 4. Nc3 O-O 5. e4 d6 6. Be2 Nbd7 7. O-O e5 8. d5
Nc5 9. Qc2 a6 10. Bg5 Rb8 11. h3 b6 12. b4 Ncd7 13. a4 h6 14. Be3 Nh7 15. Qd2
g5 16. Nh2 f5 17. exf5 Rxf5 18. Bd3 Rf7 19. Qc2 Ndf6 20. Ne4 Kh8 21. b5 Bb7 22.
a5 Ra8 23. axb6 cxb6 24. bxa6 Bxa6 25. Rfb1 Nxe4 26. Bxe4 Nf6 27. Rxb6 Rfa7 28.
Rb4 Nd7 29. Bxa7 Rxa7 30. Qb2 Bf8 31. Ng4 Nc5 32. f3 Rf7 33. Rb8 Qc7 34. Nxh6
Nxe4 35. Nxf7+ Qxf7 36. Rxa6 Kg7 37. fxe4 Kh6 38. Qf2 Qh5 39. Qf6+ Kh7 40. Ra7+
1-0

[Event "C.to Provinciale MB"]
[Site "Ceriano Laghetto ITA"]
[Date "2011.02.??"]
[Round "5"]
[White "Gagliardi, Christian"]
[Black "Guzzetti, Luigi Enrico"]
[Result "1-0"]
[WhiteElo "2216"]
[BlackElo "1952"]
[PlyCount "129"]
[EventDate "2011.02.01"]

1. e4 c5 2. Nf3 e6 3. c3 Nc6 4. d4 d5 5. exd5 Qxd5 6. Na3 Qd8 7. Nc2 Nf6 8. Bd3
Be7 9. O-O cxd4 10. Ncxd4 Bd7 11. Qe2 O-O 12. h3 Nxd4 13. Nxd4 Qc7 14. Re1 Rfd8
15. Nb5 Bxb5 16. Bxb5 a6 17. Ba4 Nd5 18. Bc2 Rac8 19. Bd2 g6 20. Rad1 Rd7 21.
Qf3 Rcd8 22. Bc1 b5 23. Bb3 Qc6 24. Rd3 Qc8 25. Red1 Nb6 26. Rxd7 Rxd7 27. Re1
Nd5 28. Qe4 Qd8 29. a4 Nf6 30. Qe2 bxa4 31. Bxa4 Rd3 32. Bc2 Rd6 33. Ba4 Qa5
34. Qc2 Nd5 35. Bd2 Nb6 36. Bb3 Rd8 37. Bc1 Nd5 38. Qe2 Qb6 39. Bc2 a5 40. Qc4
Bc5 41. Re2 Rc8 42. Qa4 Qc7 43. Qg4 h5 44. Qf3 Qd7 45. Rd2 Qe7 46. Rd1 Nb6 47.
Rf1 Nd5 48. Qe4 Nb6 49. Bf4 Nd5 50. Bd2 Rb8 51. b3 Qd7 52. Rd1 Qe7 53. Bc1 Qa7
54. Rf1 Qc7 55. Qf3 Bb6 56. Be4 Rd8 57. c4 Nb4 58. Rd1 Rxd1+ 59. Qxd1 Qd8 60.
Qe2 Bc5 61. g3 Qd4 62. Kg2 f5 63. Bf3 e5 64. Qd1 e4 65. Be2 1-0

[Event "C.to Provinciale MB"]
[Site "Ceriano Laghetto ITA"]
[Date "2011.02.??"]
[Round "5"]
[White "Ronconi, Fausto"]
[Black "Moroni, Luca jr"]
[Result "0-1"]
[WhiteElo "1749"]
[BlackElo "1770"]
[PlyCount "71"]
[EventDate "2011.02.01"]

1. c4 c5 2. Nc3 Nc6 3. Nf3 Nf6 4. g3 g6 5. Bg2 Bg7 6. O-O O-O 7. d4 cxd4 8.
Nxd4 Qb6 9. Nxc6 bxc6 10. Rb1 Qb4 11. Qd3 Ba6 12. b3 d5 13. Bd2 Qd6 14. Be3 e5
15. Ne4 Nxe4 16. Bxe4 f5 17. Bg2 Qe6 18. f4 e4 19. Qd1 dxc4 20. bxc4 Rfd8 21.
Qc2 Qxc4 22. Rfc1 Qxc2 23. Rxc2 Bb5 24. Bf1 Rd7 25. Rb4 Rad8 26. Rb1 a6 27. Bb6
Rb8 28. Ba5 Bd4+ 29. Kg2 Rbb7 30. Bd2 Bxe2 31. Rxb7 Bf3+ 32. Kh3 Rxb7 33. Rxc6
e3 34. Rc8+ Kg7 35. Bxe3 Bg4+ 36. Kh4 0-1

[Event "C.to Provinciale MB"]
[Site "Ceriano Laghetto ITA"]
[Date "2011.02.??"]
[Round "5"]
[White "Morselli, Stefano"]
[Black "Pino, Nicola"]
[Result "1-0"]
[WhiteElo "1894"]
[BlackElo "1790"]
[PlyCount "87"]
[EventDate "2011.02.01"]

1. Nf3 Nc6 2. g3 e5 3. d3 d5 4. Bg2 Nf6 5. O-O Bd6 6. Nbd2 O-O 7. c4 Be6 8. Ng5
Ne7 9. Qc2 c6 10. c5 Bc7 11. b4 h6 12. Nxe6 fxe6 13. Bb2 Ng4 14. Nf3 Ng6 15. a4
Qd7 16. h3 Nf6 17. d4 e4 18. Ne5 Qe8 19. f4 exf3 20. exf3 Nxe5 21. dxe5 Nh5 22.
Kh2 g6 23. Qd2 Kh7 24. Rae1 g5 25. f4 gxf4 26. gxf4 Rd8 27. Rf2 Qg6 28. Bc1
Qg3+ 29. Kh1 Rf5 30. Rf3 Qh4 31. Rg1 Ng3+ 32. Kh2 Ne4 33. Qc2 Qh5 34. Rff1 a6
35. Bf3 Qe8 36. Bg2 Rd7 37. Bxe4 dxe4 38. Qxe4 Qd8 39. Qg2 Qe8 40. Rf3 b6 41.
Rg3 Qf7 42. Rg6 Bxe5 43. fxe5 Rf2 44. Rg7+ 1-0

[Event "C.to Provinciale MB"]
[Site "Ceriano Laghetto ITA"]
[Date "2011.02.??"]
[Round "5"]
[White "Napoli, Ferdinando"]
[Black "Regorda, Vittorio"]
[Result "0-1"]
[WhiteElo "1744"]
[BlackElo "1876"]
[PlyCount "52"]
[EventDate "2011.02.01"]

1. e4 e5 2. Nf3 d6 3. d4 exd4 4. Nxd4 Be7 5. Bc4 Nc6 6. Nc3 Nf6 7. Nxc6 bxc6 8.
O-O O-O 9. Re1 Nd7 10. f4 Nf6 11. Qf3 Bg4 12. Qg3 Qc8 13. h3 Be6 14. Bb3 Rb8
15. Be3 Rb7 16. Qf3 Rb4 17. e5 Nd5 18. Bxd5 cxd5 19. Nxd5 Bxd5 20. Qxd5 Rxb2
21. Bxa7 Rxc2 22. e6 f5 23. Qb3 Rc6 24. Rab1 h6 25. a4 Qa6 26. Qb5 Qxa7+ 0-1

[Event "C.to Provinciale MB"]
[Site "Ceriano Laghetto ITA"]
[Date "2011.02.??"]
[Round "5"]
[White "Santarelli, Sabatino"]
[Black "Conta, Diego"]
[Result "0-1"]
[WhiteElo "1668"]
[BlackElo "1708"]
[PlyCount "80"]
[EventDate "2011.02.01"]

1. e4 c5 2. Nf3 e6 3. d4 cxd4 4. Nxd4 Nf6 5. Nc3 Bb4 6. Bd3 e5 7. Nf3 Nc6 8.
O-O Bxc3 9. bxc3 O-O 10. a4 d6 11. Re1 Bg4 12. h3 Bh5 13. Bg5 h6 14. Bd2 Qd7
15. Qe2 a6 16. Reb1 Nd8 17. Qe3 Ne6 18. Nh4 Nf4 19. Nf5 Bg6 20. g4 Bxf5 21.
gxf5 d5 22. Kh2 dxe4 23. Be2 N6d5 24. Qxe4 Nxe2 25. Qxe2 Qxf5 26. Rxb7 Rfd8 27.
Rg1 Nf4 28. Bxf4 Qxf4+ 29. Kh1 Rd2 30. Rxf7 Kxf7 31. Qh5+ Kg8 32. Qg6 Qf3+ 33.
Qg2 Rxf2 34. Qxf3 Rxf3 35. Re1 Rxh3+ 36. Kg2 Rxc3 37. Rxe5 Rxc2+ 38. Kf3 Rf8+
39. Ke3 Rc4 40. a5 Ra4 0-1

[Event "C.to Provinciale MB"]
[Site "Ceriano Laghetto ITA"]
[Date "2011.02.??"]
[Round "5"]
[White "Moioli, Ferruccio"]
[Black "Sala, Pierluigi"]
[Result "1-0"]
[WhiteElo "1624"]
[BlackElo "1508"]
[PlyCount "98"]
[EventDate "2011.02.01"]

1. d4 d5 2. Nf3 Nf6 3. Bf4 e6 4. a3 Nbd7 5. e3 c5 6. dxc5 Bxc5 7. Nbd2 O-O 8.
c4 b6 9. b4 Be7 10. cxd5 Nxd5 11. Bg3 Bb7 12. Bc4 Rc8 13. O-O N7f6 14. Qb3 Re8
15. Rad1 a6 16. b5 axb5 17. Bxb5 Rc3 18. Qb1 Rf8 19. a4 Qa8 20. Bh4 Rfc8 21.
Rc1 Ba6 22. Nd4 Bxb5 23. axb5 Rxc1 24. Rxc1 Nc3 25. Qa1 Qxa1 26. Rxa1 Bc5 27.
Bxf6 gxf6 28. N2b3 Kg7 29. Ra7 Kg6 30. Ra1 e5 31. Nf3 Nxb5 32. Rc1 Nd6 33. Kf1
Ne4 34. Ke2 Kf5 35. Ne1 Ke6 36. Nd3 Kd6 37. f3 Ng5 38. Rd1 Ke7 39. Rc1 Ne6 40.
Nb4 Kd7 41. Rd1+ Ke7 42. Nd5+ Kf8 43. Nxf6 Ra8 44. Nxc5 bxc5 45. Nd7+ Ke7 46.
Nxe5 Ra2+ 47. Rd2 Ra4 48. Rc2 Rh4 49. h3 Rh5 1-0

[Event "C.to Provinciale MB"]
[Site "Ceriano Laghetto ITA"]
[Date "2011.02.??"]
[Round "5"]
[White "Bencivenga, Antonio"]
[Black "Origgio, Stefano"]
[Result "1-0"]
[WhiteElo "1356"]
[BlackElo "1734"]
[PlyCount "39"]
[EventDate "2011.02.01"]

1. c4 Nf6 2. Nc3 e6 3. Nf3 b6 4. g3 Bb7 5. Bg2 Be7 6. O-O O-O 7. d4 d5 8. b3
Nbd7 9. Bf4 c6 10. cxd5 exd5 11. Qc2 Re8 12. e4 Nxe4 13. Nxe4 dxe4 14. Nd2 f5
15. Nc4 Ba6 16. Rfd1 Bf6 17. Nd6 Bd3 18. Rxd3 exd3 19. Qc4+ Kf8 20. Qf7# 1-0

[Event "C.to Provinciale MB"]
[Site "Ceriano Laghetto ITA"]
[Date "2011.02.??"]
[Round "5"]
[White "Boffi, Luigi"]
[Black "De Dominicis, Arrigo"]
[Result "0-1"]
[WhiteElo "1627"]
[BlackElo "1387"]
[PlyCount "106"]
[EventDate "2011.02.01"]

1. b4 e5 2. Bb2 d6 3. e3 Be6 4. Nf3 h6 5. Be2 Qf6 6. O-O Qg6 7. Kh1 Be7 8. c4
a6 9. a3 Nf6 10. Nc3 h5 11. d4 e4 12. Nd2 h4 13. Qc2 Bf5 14. Nd5 Nxd5 15. cxd5
Nd7 16. Qxc7 Rb8 17. b5 O-O 18. Rac1 Rfc8 19. Qa5 Bd8 20. Rxc8 Rxc8 21. Qa4 Nb6
22. Qb3 a5 23. a4 Qf6 24. Bc3 Na8 25. Nc4 h3 26. g3 b6 27. Bb2 Qg6 28. Qd1 Be7
29. Na3 Qg5 30. Nb1 Bg6 31. Bg4 Bf5 32. Bxf5 Qxf5 33. Nc3 Rc4 34. Qe2 Rb4 35.
Rb1 Nc7 36. Ba3 Rxb1+ 37. Nxb1 Nxd5 38. Bc1 Nb4 39. Bd2 Nd3 40. Be1 Qf3+ 41.
Qxf3 exf3 42. Bc3 Nxf2+ 43. Kg1 Ne4 44. Be1 d5 45. Kf1 Bb4 46. g4 Bxe1 47. Kxe1
f2+ 48. Kf1 Kh7 49. Na3 Kh6 50. Nc2 Kg5 51. Na1 Kxg4 52. Nb3 Kf3 53. Nc1 Nd2#
0-1

[Event "C.to Provinciale MB"]
[Site "Ceriano Laghetto ITA"]
[Date "2011.03.26"]
[Round "6"]
[White "Morselli, Stefano"]
[Black "Gagliardi, Christian"]
[WhiteElo "1894"]
[BlackElo "2216"]
[Result "0-1"]
[PlyCount "64"]
[EventDate "2011.02.01"]

1. Nf3 c5 2. g3 d5 3. Bg2 Nc6 4. d3 Nf6 5. O-O g6 6. Nbd2 Bg7 7. Re1 O-O 8. c4
e5 9. Qc2 d4 10. a3 Re8 11. Ng5 Qe7 12. b4 cxb4 13. axb4 Nxb4 14. Qb3 Nc6 15.
Ba3 Qd8 16. Reb1 Bf8 17. Nde4 Bxa3 18. Rxa3 Nd7 19. Nxf7 Kxf7 20. Nd6+ Kg7 21.
Nxc8 Rxc8 22. Bxc6 bxc6 23. Rxa7 Rc7 24. Qa3 Rxa7 25. Qxa7 Re7 26. Qb7 c5 27.
Qd5 Qe8 28. Ra1 Qf7 29. Qc6 e4 30. dxe4 Qxc4 31. Ra7 Qf7 32. f4 Nb8 0-1

[Event "C.to Provinciale MB"]
[Site "Ceriano Laghetto ITA"]
[Date "2011.03.26"]
[Round "6"]
[White "Moroni, Luca jr"]
[Black "Guzzetti, Luigi Enrico"]
[WhiteElo "1770"]
[BlackElo "1952"]
[Result "0-1"]
[PlyCount "87"]
[EventDate "2011.02.01"]

1. e4 c5 2. Nf3 e6 3. d4 cxd4 4. Nxd4 a6 5. c4 Nf6 6. Nc3 Qc7 7. Be3 Be7 8. Bd3
Nc6 9. f4 Nxd4 10. Bxd4 Qxf4 11. Qe2 Qh4+ 12. g3 Qh5 13. Qxh5 Nxh5 14. Be2 Nf6
15. e5 Ng8 16. Ne4 h5 17. Bc3 f5 18. Nf2 b6 19. Nd3 Bb7 20. Rf1 g5 21. a4 Bd8
22. O-O-O Ne7 23. b3 Nc6 24. Bf3 Be7 25. Kb2 Na5 26. Bxb7 Nxb7 27. b4 Kf7 28.
Bd4 a5 29. b5 Rac8 30. Kb3 Bd8 31. Rf2 Rh7 32. Rc2 Kg6 33. c5 bxc5 34. Bxc5 h4
35. Bd6 Nxd6 36. exd6 Rxc2 37. Kxc2 hxg3 38. hxg3 Bb6 39. Rd2 Kf6 40. Re2 Bd4
41. Kb3 e5 42. Kc4 Rh8 43. Kd5 Re8 44. Ne1 0-1

[Event "C.to Provinciale MB"]
[Site "Ceriano Laghetto ITA"]
[Date "2011.03.28"]
[Round "6"]
[White "Regorda, Vittorio"]
[Black "Conta, Diego"]
[WhiteElo "1876"]
[BlackElo "1708"]
[Result "1-0"]
[PlyCount "88"]
[EventDate "2011.02.01"]

1. d4 d5 2. c4 e6 3. Nf3 Nf6 4. g3 c6 5. Nbd2 Bd6 6. Bg2 O-O 7. O-O Nbd7 8. Qc2
Re8 9. e4 dxe4 10. Nxe4 Nxe4 11. Qxe4 Nf6 12. Qe2 Be7 13. b3 Nd7 14. Bb2 Bf6
15. Rad1 Qc7 16. Rfe1 b6 17. Ne5 Bb7 18. Ng4 Be7 19. Qf3 Nf6 20. Ne5 Rac8 21.
h4 Red8 22. h5 h6 23. g4 Ba8 24. Qe2 Bb4 25. Rf1 Be7 26. f4 c5 27. g5 Bxg2 28.
Qxg2 Nxh5 29. Qg4 g6 30. gxh6 cxd4 31. Nxg6 Kh7 32. Nxe7 Rg8 33. Nxg8 Rxg8 34.
Qxg8+ Kxg8 35. Rxd4 Ng3 36. Rf2 Nf5 37. h7+ Kxh7 38. Rh2+ Kg6 39. Rdd2 Qc5+ 40.
Rhf2 Ng3 41. Bd4 Qc6 42. Rg2 Qf3 43. Kh2 Qxf4 44. Rxg3+ Kh5 1-0

[Event "C.to Provinciale MB"]
[Site "Ceriano Laghetto ITA"]
[Date "2011.03.28"]
[Round "6"]
[White "De Dominicis, Arrigo"]
[Black "Moioli, Ferruccio"]
[WhiteElo "1387"]
[BlackElo "1624"]
[Result "0-1"]
[PlyCount "80"]
[EventDate "2011.02.01"]

1. e4 d6 2. d4 g6 3. Be3 Bg7 4. Nf3 Nd7 5. Bd3 b6 6. b4 c5 7. c3 Bb7 8. Qb3
cxb4 9. Ng5 Nh6 10. Bc4 O-O 11. Be6 Rc8 12. cxb4 Qe8 13. Bh3 Kh8 14. Nd2 Rb8
15. Rc1 e5 16. d5 Qd8 17. O-O a5 18. Qa4 Nf6 19. Nc4 Ba8 20. bxa5 b5 21. Qa3
bxc4 22. Rxc4 Nhg4 23. Bb6 Rxb6 24. axb6 Qxb6 25. Rc6 Bxc6 26. dxc6 Qxc6 27.
Qg3 h5 28. Bxg4 Nxg4 29. Qf3 Nf6 30. Qb3 Kg8 31. a4 Nxe4 32. Nxe4 Qxe4 33. a5
Ra8 34. Ra1 Rxa5 35. Qb1 Qxb1+ 36. Rxb1 Bf6 37. g3 d5 38. Rb6 Kg7 39. h4 d4 40.
Rxf6 Kxf6 0-1

[Event "C.to Provinciale MB"]
[Site "Ceriano Laghetto ITA"]
[Date "2011.03.28"]
[Round "6"]
[White "Napoli, Ferdinando"]
[Black "Santarelli, Sabatino"]
[WhiteElo "1744"]
[BlackElo "1668"]
[Result "1-0"]
[PlyCount "107"]
[EventDate "2011.02.01"]

1. e4 c5 2. Nf3 Nc6 3. d4 cxd4 4. Nxd4 Nf6 5. Nc3 a6 6. f4 e6 7. e5 Ng8 8. Be2
Bb4 9. Be3 Nge7 10. O-O O-O 11. Bf3 Nxd4 12. Bxd4 Nf5 13. Bf2 Rb8 14. Ne4 d5
15. exd6 b6 16. c3 Bxd6 17. Nxd6 Qxd6 18. Qxd6 Nxd6 19. Rad1 Nf5 20. g4 Ne7 21.
Bg3 Bb7 22. Rd6 Bxf3 23. Rxf3 Nd5 24. Rd3 Rfe8 25. f5 Rbc8 26. fxe6 fxe6 27.
Rd4 a5 28. a4 g5 29. c4 Ne3 30. b3 Rf8 31. Bf2 e5 32. Re4 Nc2 33. Rxe5 h6 34.
Rxh6 Kg7 35. Rxb6 Rcd8 36. Rxg5+ Kf7 37. Rb7+ Ke6 38. Rb6+ Kf7 39. Rf5+ Kg7 40.
Rxf8 Kxf8 41. Kg2 Rd2 42. Rf6+ Kg7 43. g5 Ne1+ 44. Kf1 Nc2 45. Rb6 Rd1+ 46. Ke2
Rd7 47. h4 Nb4 48. h5 Nd3 49. Bg3 Nc1+ 50. Kf3 Rd3+ 51. Kg4 Rd4+ 52. Kf5 Rd7
53. Be5+ Kf7 54. g6+ 1-0

[Event "C.to Provinciale MB"]
[Site "Ceriano Laghetto ITA"]
[Date "2011.03.28"]
[Round "6"]
[White "Canciani, Alberto"]
[Black "Bencivenga, Antonio"]
[WhiteElo "1620"]
[BlackElo "1356"]
[Result "1-0"]
[PlyCount "99"]
[EventDate "2011.02.01"]

1. c4 Nf6 2. Nc3 e6 3. e4 d6 4. d4 Nbd7 5. Nf3 e5 6. d5 a5 7. Be3 Be7 8. h3 O-O
9. g4 Ne8 10. Bg2 c5 11. a4 Nc7 12. Qd2 Na6 13. Nb5 Nb4 14. O-O Nf6 15. Nh2 Nd7
16. f4 Nb6 17. b3 Bd7 18. Nc3 Bh4 19. f5 f6 20. Nf3 Bg3 21. Ne2 Bf4 22. Bxf4
exf4 23. Nxf4 Nc8 24. h4 Re8 25. Rae1 Re7 26. Ne6 Bxe6 27. fxe6 Qe8 28. Bh3 Kh8
29. Kh2 Qg8 30. Rg1 g6 31. g5 Qg7 32. Ref1 Rc7 33. Qb2 fxg5 34. Qxg7+ Rxg7 35.
Nxg5 Ne7 36. Nf7+ Kg8 37. Nxd6 Nd3 38. Rf7 Ne5 39. Rxg7+ Kxg7 40. Rf1 Rd8 41.
Nf7 Rf8 42. Nxe5 Rxf1 43. Bxf1 Kf6 44. Nd7+ Kg7 45. Nxc5 b6 46. Nd7 Kh6 47. Kg3
g5 48. e5 gxh4+ 49. Kxh4 Kg7 50. d6 1-0

[Event "C.to Provinciale MB"]
[Site "Ceriano Laghetto ITA"]
[Date "2011.03.28"]
[Round "6"]
[White "Sala, Pierluigi"]
[Black "Origgio, Stefano"]
[WhiteElo "1508"]
[BlackElo "1734"]
[Result "0-1"]
[PlyCount "66"]
[EventDate "2011.02.01"]

1. d4 Nf6 2. Nf3 d5 3. c4 e6 4. g3 c6 5. Nbd2 Bb4 6. Bg2 dxc4 7. Qc2 Qd5 8. O-O
Bxd2 9. Nxd2 Qxd4 10. Nxc4 O-O 11. Rd1 Qc5 12. Be3 Qh5 13. Rd4 Ng4 14. h3 Nxe3
15. Nxe3 Nd7 16. Rh4 Qg6 17. Qc3 Nf6 18. Ng4 Nxg4 19. Rxg4 Qh6 20. Rd1 e5 21.
Rh4 Qe6 22. Re4 Qxa2 23. Rxe5 Be6 24. e4 h6 25. f4 Qb3 26. Qxb3 Bxb3 27. Re7
Bxd1 28. Rxb7 a5 29. e5 Rfc8 30. Rd7 Rab8 31. Rxd1 Rxb2 32. Rc1 c5 33. Bb7 Rc7
0-1